000 00607nam a2200217Ia 4500
003 OSt
005 20230511162915.0
008 210423s2002 xx 000 0 und d
020 _a9780716743828
040 _cAL
041 _aeng
082 _a574.87322
_223
_bGRIA
100 _aGRIFFITHS (Anthony J F);others.
_9103953
245 _aModern genetic analysis: integrating genes and genomes.
250 _a2
260 _aNew York
_bW H Freeman & Co.
_c2002
300 _axix,736
_bHB
365 _cINR
906 _aanalysis: ; genes ; genetic ; genomes. ; integrating ; Modern
942 _2ddc
_cBK
999 _c164344
_d164344